000 00806nam a2200253 a 4500
001 000045086
003 DO-SdBNP
005 20150219132348.0
007 000045086
008 150202s2006 dr a 000 0 spa d
020 _a9945859803
040 _aBPMET
_bspa
_cBPMET
092 _axxxxxx
_bxxxxxx
100 1 _aGuerrero, Celio,
_d1951-
245 1 0 _aColoreando a Ana y Emilio /
_cCelio Guerrero.
260 _aSanto Domingo :
_bGuerreo & Vásquez,
_c2006.
300 _a56 p. :
_bil. ;
_c28 cm.
500 _aIncluye datos biográficos del autor en la contracubierta
930 1 _lBND01
_mLF1
_820150202
_f01
_pHD
_g46680
930 1 _lBND01
_mLF1
_820150202
_f01
_pHD
_g46680
_he. 2
942 _2ddc
_cBK
956 _aDGARCIA
_b10
_c20150202
_lBND01
_h1103
956 _aBTAVAREZ
_b10
_c20150202
_lBND01
_h1539
999 _c7450
_d7450